Statistiken für Eurozone

Klicken Sie hier um das Quiz zu spielen!

Allgemein

  • Dieses Quiz wurde 295 mal gespielt
  • Das Durchschnittsergebnis liegt bei 17 aus 19

Antwortstatistiken

#Antwort% Korrekt
2Deutschland
99%
13Niederlande
98%
15Portugal
98%
8Italien
97%
18Spanien
97%
1Belgien
96%
14Österreich
96%
5Frankreich
95%
11Luxemburg
93%
3Estland
91%
6Griechenland
91%
9Lettland
90%
10Litauen
90%
17Slowenien
89%
4Finnland
88%
7Irland
87%
16Slowakei
86%
12Malta
83%
19Republik Zypern
73%

Verteilung der Resultate

Perzentil nach korrekt beantworteten Fragen

Anzahl Personen mit jedem Resultat

Ihre Resultats-Entwicklung

Sie haben dieses Quiz noch nicht gespielt